=LDR 00000nam 2200000 4500 =001 INLIS000000000023139 =005 20130612121826 =008 ***********************************Ind** =035 ##$$0010-061300000023139 =041 ##$$a Ind =082 ##$$a 338.476 1 =090 ##$$a 338.476 1, Mil e =100 ##$$a Mills, Anne =245 ##$$a Ekonomi kesehatan untuk negara-negara sedang berkembang, sebuah pengantar, Anne Mills =260 ##$$a 1990 $b Jakarta =300 ##$$a iii,182 hlm, 21 cm =650 ##$$a Ekonomi kedokteran-kesehatan =850 ##$$a NBPNMAT